| 000 | 01709nam a22005057a 4500 | ||
|---|---|---|---|
| 001 | 000107593 | ||
| 003 | CHAP | ||
| 005 | 20220817044544.0 | ||
| 008 | 121010s2012 it rn 00110 spa d | ||
| 010 | _a104055 | ||
| 011 | _a105027 | ||
| 020 | _a9789251072592 | ||
| 035 | _a115719 | ||
| 040 | _cCHAP | ||
| 082 | 0 | 4 |
_a636.0896 _bF21y v.34/2 |
| 110 | 2 | _aFAO | |
| 245 | 1 | 0 |
_aTsetse and trypanosomosis information. Numbers 15786-16036 / _c/por FAO. |
| 260 |
_aRoma : _bFAO, _cc2012. |
||
| 300 | _avi, 132 p. | ||
| 490 | 0 |
_aPAAT. _pTechnical and scientific series _v; 34/2 |
|
| 590 |
_aBATCH-UPD _b10 _c20130110 _lUCH01 _h0319 |
||
| 590 |
_aBATCH-UPD _b10 _c20130110 _lUCH01 _h0336 |
||
| 590 |
_aBATCH-UPD _b10 _c20130110 _lUCH01 _h0340 |
||
| 590 |
_aBATCH-UPD _b10 _c20130110 _lUCH01 _h0355 |
||
| 590 |
_aBATCH-UPD _b10 _c20130110 _lUCH01 _h0357 |
||
| 590 |
_aBATCH-UPD _b10 _c20130110 _lUCH01 _h0411 |
||
| 590 |
_aBATCH-UPD _b10 _c20130409 _lUCH01 _h2321 |
||
| 590 |
_aBATCH-UPD _b10 _c20130913 _lUCH01 _h2226 |
||
| 590 |
_aCONVERSION _b10 _c20130109 _lUCH01 _h1357 |
||
| 590 |
_aE5995AHE _b05 _c20140130 _lUCH01 _h1045 |
||
| 590 |
_aE5995AHE _b05 _c20140130 _lUCH01 _h1047 |
||
| 590 |
_aE5995AHE _b05 _c20140131 _lUCH01 _h0837 |
||
| 650 | 0 | 4 |
_aGanado _xEnfermedades. _944909 |
| 650 | 1 | 4 |
_aEnfermedades. _936931 |
| 650 | 1 | 4 | _aEpidemiología. |
| 650 | 1 | 4 |
_aGlossina. _948317 |
| 650 | 1 | 4 |
_aInsectos _xAnatomía y fisiología. _958891 |
| 650 | 1 | 4 |
_aMoscas. _978995 |
| 650 | 1 | 4 |
_aTripanosomiasis. _9115169 |
| 830 | 0 |
_aPAAT. _pTechnical and scientific series _v; 34/2 _984507 |
|
| 901 | _aBK | ||
| 942 | _cLIBRO | ||
| 942 | _n0 | ||
| 949 |
_a636.0896 F35y v.34/2 _bBC _cFAO _d33724002350652 _eFAO1 _gDonaciØn _h117421 _i115719 _st |
||
| 999 |
_c104055 _d104055 |
||